000
00304nam a2200133Ia 4500
008
231017s9999 xx 000 0 und d
082
_a
625.73
082
_b
TRB
245
0
_a
Stream bed and erosion control measures
245
0
_c
Green Bank
260
_b
Green Bank
300
_c
30cm
942
_c
REP
999
_c
605965
_d
605965